Voies d'administration les plus utilisées - Statistiques

Statistiques générales
  • Ce quiz a été pris 7 fois
  • Le résultat moyen est 2 sur 10
Statistiques - réponses
Hint Réponse % Correct
1 Orale
86%
2 Intraveineuse
57%
7 Rectale
29%
3 Intramusculaire
14%
4 Sous-cutanée
14%
8 Transdermique
14%
5 Inhalation
0%
9 Intranasale
0%
10 Ophtalmique
0%
6 Sublinguale
0%
Aucun quiz correspondant
Distribution des résultats
% des personnes avec chaque résultat
Percentile par nombre de réponses
Votre historique - résultats
Vous n’avez pas pris ce quiz